How the World Works : (Record no. 13787)
[ view plain ]
| 000 -LEADER | |
|---|---|
| fixed length control field | 01008cam a2200253 a 4500 |
| 001 - CONTROL NUMBER | |
| control field | 15527182 |
| 005 - DATE AND TIME OF LATEST TRANSACTION | |
| control field | 20090416112400.0 |
| 008 - FIXED-LENGTH DATA ELEMENTS--GENERAL INFORMATION | |
| fixed length control field | 081119s2010 nyuab |rb 001 0 eng |
| 010 ## - LIBRARY OF CONGRESS CONTROL NUMBER | |
| LC control number | 2008050215 |
| 020 ## - INTERNATIONAL STANDARD BOOK NUMBER | |
| International Standard Book Number | 9780321697240 |
| 020 ## - INTERNATIONAL STANDARD BOOK NUMBER | |
| International Standard Book Number | 0321697243 |
| 040 ## - CATALOGING SOURCE | |
| Original cataloging agency | DLC |
| Transcribing agency | DLC |
| Modifying agency | DLC |
| 050 00 - LIBRARY OF CONGRESS CALL NUMBER | |
| Classification number | JZ1242 |
| Item number | .B68 2010 |
| 082 00 - DEWEY DECIMAL CLASSIFICATION NUMBER | |
| Classification number | 327 |
| Edition number | 22 |
| Item number | BOV |
| 100 1# - MAIN ENTRY--PERSONAL NAME | |
| Personal name | Bova, Russell, |
| Dates associated with a name | 1955- |
| 9 (RLIN) | 13135 |
| 245 10 - TITLE STATEMENT | |
| Title | How the World Works : |
| Remainder of title | A Brief Survey of International Relations / |
| Statement of responsibility, etc | Russell Bova. |
| 260 ## - PUBLICATION, DISTRIBUTION, ETC. (IMPRINT) | |
| Place of publication, distribution, etc | New York : |
| Name of publisher, distributor, etc | Longman, 2010 |
| Date of publication, distribution, etc | 2010. |
| 300 ## - PHYSICAL DESCRIPTION | |
| Extent | xxi, 342 p. : |
| Other physical details | ill. (chiefly col.) col. maps ; |
| Dimensions | 24 cm. |
| 504 ## - BIBLIOGRAPHY, ETC. NOTE | |
| Bibliography, etc | Includes bibliographical references and index. |
| 650 #0 - SUBJECT ADDED ENTRY--TOPICAL TERM | |
| Topical term or geographic name as entry element | International relations |
| Form subdivision | Textbooks. |
| 9 (RLIN) | 13136 |
| 942 ## - ADDED ENTRY ELEMENTS (KOHA) | |
| Source of classification or shelving scheme | Dewey Decimal Classification |
| Item type | Book - Borrowing |
| Withdrawn status | Item status | Source of classification or shelving scheme | Damaged status | Not for loan | Vendor | Home library | Current library | Shelving location | Date acquired | Source of acquisition | Cost, normal purchase price | Serial Enumeration / chronology | Total Checkouts | Total Renewals | Full call number | Barcode | Date last seen | Date last borrowed | Koha item type |
|---|---|---|---|---|---|---|---|---|---|---|---|---|---|---|---|---|---|---|---|
| Dewey Decimal Classification | Baccah | Central Library | Central Library | First floor | 25/03/2010 | 262.40 | 9836 | 3 | 104 | 327 BOV | 000020347 | 15/07/2025 | 13/02/2022 | Book - Borrowing |